00944nam a2200241Ia 4500001000600000003000900006008004100015040001300056040001300069041001300082100002000095100002900115245002500144245002500169250001100194260000900205260001200214260004900226300004300275500033000318650002300648650003100671 9734IT-RoPAU130308s9999 xx 000 0 und d aIT-RoPAU cIT-RoPAU aITALIANO aMacali Giuseppe gCodice Aut. SPICS: 4401 aMeglio tardi che Rai bMeglio Tardi che Rai a1a ed. aROMA bSavelli c1977 [1° Ed.:1977 - Ed.Ling.Originale:1977] a"160 p. (prefazione: no ; testo: 160)" aCome si Organizza una Radio Alternativa lottizzazione selvaggia dell'Etereinchieste Sull'Area di Ascolto Radio locali regolamentazione della Radio Cronistoria Radio locali in Italia Radio e Diritto norme in Mayteria di Radiodiffusione sentenza N.225 N.226 N 202 legge N.103 Cronologia e Documenti a cura di Edoardo Fleischner aSTORIA DELLA RADIO eCodice materia Spics: 6908